[Event "Reykjavik Open 2026"]
[Site "Reykjavik ISL"]
[Date "2026.03.26"]
[Round "3.182"]
[White "Niori, Nona"]
[Black "De Hart, Arthur"]
[Result "0-1"]
[WhiteElo "1421"]
[BlackElo "1611"]
[WhiteFideId "7006527"]
[BlackFideId "1044192"]
[EventDate "2026.03.25"]

1. d4 c6 2. Nc3 d5 3. Bf4 Bf5 4. e3 e6 5. Nf3 Bd6 6. Ne5 f6 7. Nd3 Ne7 8. Bxd6
Qxd6 9. Be2 Nd7 10. Qd2 O-O 11. O-O e5 12. Rfe1 e4 13. Nf4 Ng6 14. Nxg6 Bxg6 15.
Bg4 f5 16. Bh3 Bh5 17. a3 g5 18. g3 Qh6 19. Bf1 f4 20. Bh3 Be8 21. Bg2 Nb6 22.
Na2 Nc4 23. Qb4 Nd6 24. Bf1 Qf6 25. Qd2 Nf5 26. Nc3 Nh6 27. h3 Nf5 28. Kh2 fxg3+
29. fxg3 Qd6 30. Qg2 Nh4 31. Qh1 Rf2+ 32. Bg2 Nf3# 0-1

[Event "Reykjavik Open 2026"]
[Site "Reykjavik ISL"]
[Date "2026.03.26"]
[Round "3.185"]
[White "Einarsson, Gardar Hrafn"]
[Black "Bock, Dan"]
[Result "0-1"]
[WhiteElo "1456"]
[BlackElo "1751"]
[WhiteFideId "2332698"]
[BlackFideId "39915433"]
[EventDate "2026.03.25"]

1. e4 c5 2. d4 cxd4 3. c3 Nf6 4. Bd3 dxc3 5. Nxc3 Nc6 6. Nf3 d6 7. Be3 g6 8. O-O
Bg7 9. Qd2 O-O 10. h3 Bd7 11. Bb5 a6 12. Ba4 b5 13. Bb3 b4 14. Nd5 Nxe4 15. Bb6
Nxd2 16. Bxd8 Nxf3+ 0-1

[Event "Reykjavik Open 2026"]
[Site "Reykjavik ISL"]
[Date "2026.03.26"]
[Round "3.186"]
[White "Tomasdottir, Katrin Osk"]
[Black "Jempty, George M"]
[Result "0-1"]
[WhiteElo "1449"]
[BlackElo "1699"]
[WhiteFideId "2331560"]
[BlackFideId "2059100"]
[EventDate "2026.03.25"]

1. d4 d5 2. c4 dxc4 3. e3 Nd7 4. Bxc4 Nb6 5. Bd3 Nf6 6. Nf3 Bg4 7. Nc3 e6 8. h3
Bh5 9. e4 c6 10. Bg5 Be7 11. Rc1 Bxf3 12. Qxf3 Qxd4 13. Rd1 Qc5 14. O-O Qxg5 15.
Rfe1 e5 16. Qe2 O-O 17. Qc2 Nh5 18. Re3 Qh6 19. Ne2 Bg5 20. Rf3 Nf4 21. Rg3 Nxd3
22. Rdxd3 Be7 23. Rg4 Qe6 24. Ng3 Kh8 25. Nf5 Rg8 26. Qd2 Rad8 27. Rxd8 Bxd8 28.
Qe3 Nc8 29. Qg3 Qf6 30. Qd3 Bb6 31. Qd7 g6 32. Nh6 Qxf2+ 33. Kh2 Rf8 34. Qd1 Be3
35. Nxf7+ Qxf7 36. Qe2 Bh6 37. Rh4 Kg7 38. b3 Qf1 39. Qb2 Bf4+ 40. g3 Bxg3+ 41.
Kxg3 Rf3+ 42. Kg4 h5+ 43. Kg5 Rf5+ 44. exf5 Qxf5# 0-1

[Event "Reykjavik Open 2026"]
[Site "Reykjavik ISL"]
[Date "2026.03.26"]
[Round "3.187"]
[White "Holm Kjartansson, Omar Jon"]
[Black "Turner, Jason"]
[Result "0-1"]
[WhiteElo "1444"]
[BlackElo "1684"]
[WhiteFideId "2322323"]
[BlackFideId "39939901"]
[EventDate "2026.03.25"]

1. e4 e6 2. Nc3 d5 3. exd5 exd5 4. d4 Be7 5. Bf4 Nf6 6. Bd3 a6 7. Nf3 c5 8. dxc5
Bxc5 9. Bg5 Be6 10. O-O O-O 11. h3 Nc6 12. Na4 Ba7 13. c4 dxc4 14. Bxf6 Qxf6 15.
Bc2 Rfe8 16. Nc3 Rad8 17. Ne4 Qf4 18. Qe2 Bd5 19. Rfe1 f5 20. Nfg5 fxe4 21. Bxe4
Qxg5 22. Bxd5+ Qxd5 23. Qxe8+ Rxe8 24. Rxe8+ Kf7 25. Rae1 Qd7 26. R8e2 Qd6 27.
Re4 h6 28. Rf4+ Kg6 29. Rg4+ Kh7 30. Rg3 Qxg3 0-1

[Event "Reykjavik Open 2026"]
[Site "Reykjavik ISL"]
[Date "2026.03.27"]
[Round "4.51"]
[White "Dimitrijevic, Aleksandra"]
[Black "Kejna, Piotr"]
[Result "0-1"]
[WhiteTitle "WGM"]
[BlackTitle "FM"]
[WhiteElo "2063"]
[BlackElo "2310"]
[WhiteFideId "929239"]
[BlackFideId "21821704"]
[EventDate "2026.03.25"]

1. d4 Nf6 2. c4 e6 3. g3 c5 4. d5 d6 5. Nc3 exd5 6. cxd5 g6 7. Bg2 Bg7 8. Nf3
O-O 9. O-O Re8 10. a4 Ne4 11. Nxe4 Rxe4 12. Nh4 Rb4 13. Qc2 a5 14. f4 Nd7 15.
Kh1 b5 16. axb5 Rxb5 17. e4 Qb6 18. e5 dxe5 19. f5 Bb7 20. Ra3 c4 21. fxg6 hxg6
22. Be3 Rxb2 23. Qc1 Qb4 24. Rc3 Rxg2 25. Kxg2 Bxd5+ 26. Kg1 e4 27. Rc2 Ne5 28.
Bd4 c3 29. Bxc3 Qb6+ 30. Kh1 e3+ 31. Ng2 Nd3 32. Qd1 Rd8 33. Bxg7 Kxg7 34. Qa1+
Kg8 35. Rf6 Qb7 36. Kg1 Qe7 37. Re2 Ne5 38. Rf4 Nf3+ 39. Kh1 Ng5 40. Qxa5 Bxg2+
41. Kxg2 Qb7+ 0-1

[Event "Reykjavik Open 2026"]
[Site "Reykjavik ISL"]
[Date "2026.03.27"]
[Round "4.52"]
[White "Llari, Marc"]
[Black "Delpech, Anthony"]
[Result "1-0"]
[WhiteTitle "FM"]
[WhiteElo "2300"]
[BlackElo "1927"]
[WhiteFideId "651044269"]
[BlackFideId "36021245"]
[EventDate "2026.03.25"]

1. e4 c5 2. Nf3 Nc6 3. Bb5 Nf6 4. Bxc6 dxc6 5. d3 g6 6. a4 Bg7 7. a5 O-O 8. Be3
c4 9. h3 cxd3 10. cxd3 Ne8 11. d4 Nd6 12. Nbd2 Nb5 13. Nb3 f5 14. e5 Qd5 15. Ra4
f4 16. Bc1 Bf5 17. O-O Rad8 18. Re1 b6 19. Nbd2 Be6 20. Qe2 h6 21. axb6 axb6 22.
Rb4 g5 23. Ne4 g4 24. hxg4 Bxg4 25. Nc3 Bxf3 26. Nxd5 Bxe2 27. Nxe7+ Kf7 28.
Nxc6 Rc8 29. d5 Nc7 30. Rxf4+ Ke8 31. Rxf8+ Bxf8 32. Rxe2 Nxd5 33. Rc2 Kd7 34.
Nd4 Rxc2 35. Nxc2 Ke6 36. f4 Bc5+ 37. Kf1 Kf5 38. g3 Ke4 39. Kg2 Kd3 40. Ne1+
Ke2 41. Nf3 b5 42. f5 Be3 43. f6 1-0

[Event "Reykjavik Open 2026"]
[Site "Reykjavik ISL"]
[Date "2026.03.27"]
[Round "4.53"]
[White "Dalhouse, Justin"]
[Black "Willy, Stephen"]
[Result "0-1"]
[BlackTitle "FM"]
[WhiteElo "1989"]
[BlackElo "2290"]
[WhiteFideId "30902894"]
[BlackFideId "30981468"]
[EventDate "2026.03.25"]

1. e4 e6 2. d4 d5 3. e5 c5 4. c3 Nc6 5. Nf3 Bd7 6. Be2 Nge7 7. Na3 cxd4 8. cxd4
Nf5 9. Nc2 Be7 10. O-O O-O 11. g4 Nh6 12. Bxh6 gxh6 13. Qd2 Kg7 14. Kh1 f6 15.
Rg1 fxe5 16. g5 e4 17. gxh6+ Kh8 18. Rg7 Be8 19. Ne5 Nxe5 20. dxe5 Bg6 21. Rg1
Bc5 22. Nd4 Rxf2 23. Nxe6 Qh4 24. Rg2 Rxg2 25. Kxg2 Qf2+ 26. Kh3 Bf5+ 27. Rg4
Bxg4+ 28. Kxg4 Rg8+ 29. Ng7 Be3 0-1

[Event "Reykjavik Open 2026"]
[Site "Reykjavik ISL"]
[Date "2026.03.27"]
[Round "4.54"]
[White "Heppert, Lars"]
[Black "Tamas, Christian-Arrydan"]
[Result "0-1"]
[BlackTitle "FM"]
[WhiteElo "1975"]
[BlackElo "2287"]
[WhiteFideId "24668575"]
[BlackFideId "1283740"]
[EventDate "2026.03.25"]

1. Nf3 Nf6 2. c4 e6 3. d4 d5 4. cxd5 exd5 5. Bg5 c6 6. e3 Bf5 7. Bd3 Bxd3 8.
Qxd3 Be7 9. Nc3 O-O 10. O-O Nbd7 11. Rfe1 Ne4 12. Bxe7 Qxe7 13. Nd2 Nxd2 14.
Qxd2 Nf6 15. f3 Rad8 16. Rad1 Rfe8 17. e4 dxe4 18. fxe4 Qc7 19. d5 Ng4 20. g3
Rd6 21. Kg2 Rh6 22. h3 Ne5 23. Rf1 Qc8 24. h4 Rg6 25. Rf4 Rg4 26. d6 Rd8 27. Qe2
Qe6 28. Rf5 Rg6 29. Qh5 Ng4 30. Re1 Rxd6 31. Re2 Rd3 32. Rf3 Rxf3 33. Kxf3 Ne5+
34. Kg2 h6 35. Qf5 Qd6 36. Qf4 Rf6 37. Rd2 Qe7 38. Rd8+ Qxd8 39. Qxe5 Qd2+ 40.
Kh3 Qe1 0-1

[Event "Reykjavik Open 2026"]
[Site "Reykjavik ISL"]
[Date "2026.03.27"]
[Round "4.55"]
[White "Spitzl, Vinzent"]
[Black "Bartlett, Aiden Emerson"]
[Result "1-0"]
[WhiteTitle "FM"]
[WhiteElo "2356"]
[BlackElo "1919"]
[WhiteFideId "12901253"]
[BlackFideId "39922405"]
[EventDate "2026.03.25"]

1. d3 d5 2. f4 Nh6 3. Nf3 c5 4. g3 Bg4 5. Bg2 Nc6 6. O-O Nf5 7. c3 d4 8. Ne5
Nxe5 9. fxe5 Qd7 10. h3 Nxg3 11. hxg4 Nxf1 12. Kxf1 h5 13. Qb3 Rb8 14. e6 Qxe6
15. Qxe6 fxe6 16. Bf4 Rd8 17. Bxb7 hxg4 18. Bc7 Rd6 19. Kg2 Rh3 20. Bxd6 exd6
21. Bf3 Rh4 22. Bc6+ Kf7 23. Nd2 Be7 24. Rf1+ Bf6 25. Ne4 Ke7 26. Nxf6 gxf6 27.
Kg3 Rh3+ 28. Kxg4 Re3 29. Bf3 Re5 30. c4 Rg5+ 31. Kh3 Rg8 32. Kh2 f5 33. Rg1
Rh8+ 34. Kg2 Kf6 35. Kf2 Rh7 36. Rh1 Rb7 1-0

[Event "Reykjavik Open 2026"]
[Site "Reykjavik ISL"]
[Date "2026.03.27"]
[Round "4.56"]
[White "Brzezina, Piotr"]
[Black "Nedin, Danylo"]
[Result "1-0"]
[WhiteTitle "FM"]
[WhiteElo "2328"]
[BlackElo "1909"]
[WhiteFideId "21078874"]
[BlackFideId "14195887"]
[EventDate "2026.03.25"]

1. e4 e6 2. d4 d5 3. Bd3 dxe4 4. Bxe4 Nf6 5. Bf3 c5 6. Ne2 Nc6 7. Be3 Nxd4 8.
Nxd4 cxd4 9. Bxd4 Qc7 10. Nc3 Be7 11. Qe2 a6 12. O-O-O Bd7 13. g4 Kf8 14. Be5
Qc8 15. Rd4 Bb5 16. Nxb5 axb5 17. Kb1 Qc5 18. a3 Ne8 19. Rhd1 f6 20. Bg3 Kf7 21.
Re1 Ra6 22. Re4 Bd6 23. Rxe6 Be5 24. Rxa6 bxa6 25. Bxe5 fxe5 26. Qd3 Qd6 27.
Qf5+ Qf6 28. Bd5+ Kf8 29. Rxe5 Qxf5 30. Rxf5+ Ke7 31. Rf7+ Kd6 32. Bb3 h5 33. g5
h4 34. h3 g6 35. f4 Rg8 36. Ra7 Rg7 37. Rxa6+ Kc5 38. c3 Nd6 39. Be6 1-0

[Event "Reykjavik Open 2026"]
[Site "Reykjavik ISL"]
[Date "2026.03.27"]
[Round "4.57"]
[White "T'sas, Jan"]
[Black "Guo, Ethan"]
[Result "0-1"]
[BlackTitle "FM"]
[WhiteElo "1906"]
[BlackElo "2364"]
[WhiteFideId "204900"]
[BlackFideId "30976359"]
[EventDate "2026.03.25"]

1. e4 c5 2. Nf3 d6 3. Bb5+ Nc6 4. d4 cxd4 5. Qxd4 Bd7 6. Bxc6 Bxc6 7. c4 Nf6 8.
Nc3 e6 9. O-O Be7 10. Re1 O-O 11. Bg5 h6 12. Bh4 Qc7 13. Rad1 a6 14. h3 Rfd8 15.
Bg3 Qa5 16. Qd2 Qb6 17. Qe2 Rac8 18. Nd4 Be8 19. Nf3 Qc5 20. Nd2 Qb6 21. Rb1 Qc5
22. Bf4 b5 23. Be3 Qc6 24. cxb5 axb5 25. a3 Qb7 26. f3 d5 27. exd5 Nxd5 28. Nxd5
Qxd5 29. Rbc1 b4 30. Nb1 Qb3 31. axb4 Bxb4 32. Nc3 f6 33. Qc2 Qc4 34. Red1 e5
35. Rxd8 Rxd8 36. Rd1 Ra8 37. Qd2 Bf7 38. Qd7 Bxc3 39. bxc3 Qxc3 40. Qd2 Qb3 41.
Qd3 Qa4 42. Qd7 Qa5 43. Qd2 Qb5 44. Qd7 Qc4 45. Rc1 Qe2 46. Qd2 Qb5 47. Rd1 Bc4
48. Kh2 e4 49. fxe4 Qe5+ 50. Bf4 Qxe4 51. Qd4 Qxd4 52. Rxd4 Be6 53. Rd2 Ra4 54.
Be3 g5 55. Kg1 h5 56. Kf2 Kf7 57. Rd4 Ra2+ 58. Rd2 Ra1 59. Rd6 h4 60. Rd2 Bc4
61. Bc5 Rf1+ 62. Ke3 f5 63. Rf2 f4+ 64. Kd2 Rxf2+ 65. Bxf2 Bf1 0-1

[Event "Reykjavik Open 2026"]
[Site "Reykjavik ISL"]
[Date "2026.03.27"]
[Round "4.58"]
[White "Kurmangaliyeva, Liya"]
[Black "Andersson, Mitchell"]
[Result "1-0"]
[WhiteTitle "FM"]
[WhiteElo "2319"]
[BlackElo "1905"]
[WhiteFideId "13725831"]
[BlackFideId "1765817"]
[EventDate "2026.03.25"]

1. e4 e5 2. Nf3 Nc6 3. Bc4 Nf6 4. d3 Be7 5. Nc3 d6 6. a4 O-O 7. O-O Bg4 8. h3
Bh5 9. Be3 Qd7 10. Nd5 Bxf3 11. Nxe7+ Qxe7 12. Qxf3 h6 13. c3 a5 14. Rfe1 Kh8
15. h4 Nh7 16. Qh3 Nd8 17. Rad1 Ne6 18. d4 Rad8 19. g3 Rfe8 20. Qf5 Qf6 21. Qh5
Nhf8 22. dxe5 dxe5 23. Rd5 Rxd5 24. exd5 Nd8 25. Bd4 Ng6 26. f4 Nxf4 27. gxf4
Qxf4 28. Rxe5 Qg3+ 29. Kf1 Qh3+ 30. Ke2 1-0

[Event "Reykjavik Open 2026"]
[Site "Reykjavik ISL"]
[Date "2026.03.27"]
[Round "4.59"]
[White "Tinkler, Paul"]
[Black "Holinka, Henning"]
[Result "0-1"]
[BlackTitle "FM"]
[WhiteElo "1897"]
[BlackElo "2324"]
[WhiteFideId "30961289"]
[BlackFideId "12967084"]
[EventDate "2026.03.25"]

1. e4 c6 2. Bc4 d5 3. Bb3 dxe4 4. Qh5 g6 5. Qh4 Nf6 6. Nc3 Nbd7 7. Nxe4 Nxe4 8.
Qxe4 Bg7 9. Nf3 O-O 10. O-O e5 11. d3 a5 12. Bg5 Qc7 13. Qh4 Nc5 14. Be7 Nxb3
15. Bxf8 Nxa1 16. Bxg7 Kxg7 17. Rxa1 Bf5 18. Re1 f6 19. g4 g5 20. Nxg5 fxg5 21.
Qxg5+ Bg6 22. Rxe5 Kh8 23. Qf6+ Qg7 24. Qxg7+ Kxg7 25. Re7+ Kf6 26. Rxb7 Re8 27.
Kf1 Kg5 28. Ra7 Re5 29. Rd7 Kxg4 30. Kg2 Rd5 31. Re7 Rc5 32. Re2 Kf4 33. f3 h5
34. h4 Re5 35. Rd2 Re3 36. d4 Rxf3 37. d5 Be4 38. dxc6 Rd3+ 39. Kf1 Rxd2 0-1

[Event "Reykjavik Open 2026"]
[Site "Reykjavik ISL"]
[Date "2026.03.27"]
[Round "4.60"]
[White "Unuk, Laura"]
[Black "Paricharak, Shardul"]
[Result "1-0"]
[WhiteTitle "IM"]
[WhiteElo "2314"]
[BlackElo "1895"]
[WhiteFideId "14609215"]
[BlackFideId "7500432"]
[EventDate "2026.03.25"]

1. d4 Nf6 2. c4 e6 3. Nf3 b6 4. g3 Bb7 5. Bg2 g6 6. O-O Bg7 7. Bf4 d6 8. Qc1
Nbd7 9. Bh6 Bxh6 10. Qxh6 Qe7 11. Nc3 O-O-O 12. b4 Ng4 13. Qc1 e5 14. d5 f5 15.
h3 Ngf6 16. a4 h5 17. e4 Nh7 18. a5 f4 19. axb6 axb6 20. Nb5 Nb8 21. gxf4 exf4
22. Qxf4 Rdf8 23. Qg3 Qxe4 24. Qxd6 Na6 25. Qxc7+ Nxc7 26. Nd6+ Kb8 27. Nxe4 b5
28. Nc5 Bc8 29. Ne5 Bf5 30. d6 1-0

[Event "Reykjavik Open 2026"]
[Site "Reykjavik ISL"]
[Date "2026.03.27"]
[Round "4.61"]
[White "Leosson, Haukur Vidis"]
[Black "Kukelko, Alexey"]
[Result "1/2-1/2"]
[BlackTitle "FM"]
[WhiteElo "1893"]
[BlackElo "2304"]
[WhiteFideId "2325780"]
[BlackFideId "14153084"]
[EventDate "2026.03.25"]

1. e4 c5 2. Nc3 g6 3. Bc4 Bg7 4. d3 Nc6 5. Be3 d6 6. Nge2 Nf6 7. h3 O-O 8. O-O
Na5 9. Bb3 Nxb3 10. axb3 b6 11. Qd2 d5 12. exd5 Nxd5 13. Bh6 Nb4 14. Bxg7 Kxg7
15. Na2 Nd5 16. b4 cxb4 17. Nxb4 Bb7 18. Nxd5 Qxd5 19. f3 Rfd8 20. Kh1 Rd7 21.
Nc3 Qf5 22. Ne4 Qe5 23. Qc3 Qxc3 24. Nxc3 a6 25. Ne2 Rc8 26. Rac1 h5 27. d4 Bd5
28. c3 g5 29. Ng3 Kg6 30. Rce1 b5 31. Ra1 b4 32. Rxa6+ f6 33. Rc1 h4 34. Ne4
Bxe4 35. fxe4 Rxd4 36. e5 bxc3 37. bxc3 Rf4 38. Kg1 Rc5 39. exf6 exf6 40. Re6
Kf5 41. Re3 Ra4 42. Rf3+ Ke6 43. Re3+ Re5 44. Rd3 Ra2 45. Rdd1 f5 46. Ra1 Rxa1
47. Rxa1 Re2 48. Ra6+ Ke5 49. Ra4 Rc2 50. Rc4 Kd5 51. Rd4+ Ke5 52. Rc4 Rd2 53.
Kf1 Kd5 54. Rc8 Ke4 55. c4 Rc2 56. c5 Kf4 57. Rg8 Rxc5 58. Kg1 Rc1+ 59. Kh2 Re1
60. Rg7 Re3 61. Ra7 Re4 62. Rg7 Rd4 63. Rg8 Rd3 64. Ra8 Ke4 65. Re8+ Kf4 66. Ra8
Ke4 67. Re8+ Kd4 68. Re7 Rd2 69. Rg7 f4 70. Rxg5 f3 71. Kg1 Rxg2+ 1/2-1/2

[Event "Reykjavik Open 2026"]
[Site "Reykjavik ISL"]
[Date "2026.03.27"]
[Round "4.62"]
[White "Ruiz Buendia, Miguel"]
[Black "Koerner, Florian"]
[Result "1-0"]
[WhiteTitle "FM"]
[WhiteElo "2279"]
[BlackElo "1891"]
[WhiteFideId "24537675"]
[BlackFideId "34605525"]
[EventDate "2026.03.25"]

1. e4 g6 2. d4 Bg7 3. c4 c6 4. Nc3 d5 5. e5 dxc4 6. Bxc4 c5 7. Qf3 e6 8. Ne4 f5
9. Nd6+ Kf8 10. Nxb7 Qxd4 11. Nd6 Qxe5+ 12. Ne2 Qxd6 13. Qxa8 Qb6 14. Bf4 Qb4+
15. Kf1 Qxc4 16. Qxb8 Ne7 17. Be5 Kf7 18. Bxg7 Kxg7 19. Qe5+ Kg8 20. Rc1 Qxa2
21. h4 Qd5 22. Qf6 Nc6 23. h5 Qd8 24. Qxd8+ Nxd8 25. Rxc5 Ba6 26. hxg6 hxg6 27.
Rxh8+ Kxh8 28. Rc7 Nb7 29. b4 Nd6 30. Rc6 Bxe2+ 31. Kxe2 Nb5 32. Kd3 Kg7 33.
Rxe6 Kf7 34. Ra6 Ke7 35. Kc4 Nd6+ 36. Kd5 Ne4 37. Rxa7+ Kd8 38. b5 Kc8 39. Kc6
Kb8 40. Rh7 1-0

[Event "Reykjavik Open 2026"]
[Site "Reykjavik ISL"]
[Date "2026.03.27"]
[Round "4.63"]
[White "Stolyarov, Alan"]
[Black "Briem, Benedikt"]
[Result "0-1"]
[BlackTitle "CM"]
[WhiteElo "1890"]
[BlackElo "2233"]
[WhiteFideId "30906008"]
[BlackFideId "2315432"]
[EventDate "2026.03.25"]

1. d4 d5 2. c4 e6 3. Nc3 Nf6 4. Bg5 Be7 5. e3 O-O 6. Nf3 a6 7. Rc1 h6 8. Bh4
dxc4 9. Bxc4 c5 10. dxc5 Bxc5 11. Qxd8 Rxd8 12. Ne4 Be7 13. Nxf6+ gxf6 14. Ke2
Nc6 15. Rhd1 Bd7 16. Kf1 Be8 17. Be2 Rac8 18. Rxd8 Rxd8 19. Rd1 Rc8 20. Rc1 Rd8
21. Rd1 Ra8 22. Nd2 Nb4 23. Ne4 Kg7 24. Nc3 Rc8 25. Bf3 Nc6 26. Bg3 b5 27. a3
Na5 28. Bd6 Bxd6 29. Rxd6 Nc4 30. Rxa6 Nxb2 31. Na2 b4 32. Rb6 bxa3 33. Rb3 Rc2
34. Be2 Nc4 35. Bxc4 Rxa2 36. Rc3 Ra1+ 37. Ke2 Ba4 38. Bb3 a2 39. Bxa4 Re1+ 40.
Kxe1 a1=Q+ 41. Kd2 Qxa4 42. g3 Qg4 43. Rd3 f5 44. Kc2 Qc4+ 45. Kd2 Kf6 46. Rd4
Qf1 47. Rf4 e5 48. Rf3 Ke6 49. h4 h5 0-1

[Event "Reykjavik Open 2026"]
[Site "Reykjavik ISL"]
[Date "2026.03.27"]
[Round "4.64"]
[White "Bajnath, Dhanesh"]
[Black "Pleschke, Julius Jonas"]
[Result "0-1"]
[BlackTitle "CM"]
[WhiteElo "1889"]
[BlackElo "2208"]
[WhiteFideId "40104842"]
[BlackFideId "54734258"]
[EventDate "2026.03.25"]

1. e4 c5 2. Nf3 a6 3. c3 d5 4. exd5 Qxd5 5. d4 e6 6. Be3 Nd7 7. Nbd2 Ngf6 8. h3
Be7 9. a4 O-O 10. Bd3 cxd4 11. cxd4 b6 12. Rc1 Bb7 13. O-O Bd6 14. Re1 Bb8 15.
Rc3 h6 16. Qc2 Rd8 17. Nc4 Bd6 18. Nxd6 Qxd6 19. Nd2 Nd5 20. Ne4 Qe7 21. Rb3
Rac8 22. Qd1 N7f6 23. Bc1 Nxe4 24. Bxe4 Nf6 25. Bxb7 Qxb7 26. Rg3 Kh8 27. Bf4
Rg8 28. Be5 Nd7 29. Bf4 Qd5 30. Qd3 b5 31. axb5 axb5 32. Qd2 Qf5 33. Ra1 Ra8 34.
Rc1 Rac8 35. Ra1 Ra8 36. Rc1 Kh7 37. Rd1 Rac8 38. d5 exd5 39. Qxd5 Qxf4 40. Qd3+
g6 41. Qxd7 Rgd8 42. Qxd8 Rxd8 43. Rxd8 Qc1+ 44. Kh2 Qxb2 45. Rd7 Kg7 46. Rf3
Qe5+ 47. Kg1 Qe6 48. Rb7 Qd5 49. Rfxf7+ Qxf7 50. Rxf7+ Kxf7 51. Kf1 Ke6 52. Ke2
Kd5 53. Kd3 h5 54. g3 Ke5 55. Kc3 Ke4 56. f4 Kf3 57. Kb4 Kxg3 58. Kxb5 Kxf4 59.
Kc4 Kg3 0-1

[Event "Reykjavik Open 2026"]
[Site "Reykjavik ISL"]
[Date "2026.03.27"]
[Round "4.65"]
[White "Vojtek, Vladimir"]
[Black "Knight, David"]
[Result "1-0"]
[WhiteTitle "FM"]
[WhiteElo "2211"]
[BlackElo "1888"]
[WhiteFideId "14901919"]
[BlackFideId "1040839"]
[EventDate "2026.03.25"]

1. e4 d6 2. d4 c6 3. Nc3 Qc7 4. Nf3 Bg4 5. Bc4 e5 6. Be3 Nf6 7. h3 Bh5 8. a4 Be7
9. dxe5 dxe5 10. Qe2 Nbd7 11. g4 Bg6 12. Nh4 Nxe4 13. Nxg6 Nxc3 14. Bxf7+ Kxf7
15. Nxh8+ Rxh8 16. bxc3 Nf6 17. O-O Re8 18. g5 Nd5 19. Qh5+ g6 20. Qxh7+ Ke6 21.
c4 Nxe3 22. fxe3 e4 1-0

[Event "Reykjavik Open 2026"]
[Site "Reykjavik ISL"]
[Date "2026.03.27"]
[Round "4.66"]
[White "Pagan, Jonathan"]
[Black "Murphy, Dara"]
[Result "1-0"]
[WhiteElo "2159"]
[BlackElo "1888"]
[WhiteFideId "30903017"]
[BlackFideId "2501783"]
[EventDate "2026.03.25"]

1. d4 Nf6 2. c4 g6 3. g3 c6 4. Bg2 d5 5. Nf3 Bg7 6. O-O O-O 7. Nc3 dxc4 8. e4 b5
9. Qe2 a5 10. Rd1 Bb7 11. e5 Nd5 12. Qe4 Na6 13. Qh4 Nab4 14. Ng5 h6 15. Nge4 e6
16. Qh3 Nc2 17. Rb1 Nxc3 18. bxc3 Bxe5 19. Bxh6 Bg7 20. Bg5 f6 21. Qxe6+ Kh8 22.
Bf4 Qc8 23. Qe7 Ra7 24. Rbc1 1-0

[Event "Reykjavik Open 2026"]
[Site "Reykjavik ISL"]
[Date "2026.03.27"]
[Round "4.67"]
[White "Hermannsson, Sigurbjorn"]
[Black "Fossheim, Yngve"]
[Result "1/2-1/2"]
[WhiteElo "1887"]
[BlackElo "2208"]
[WhiteFideId "2325128"]
[BlackFideId "1512277"]
[EventDate "2026.03.25"]

1. e4 c5 2. Nf3 Nc6 3. Bb5 g6 4. O-O Bg7 5. c3 Nf6 6. Re1 O-O 7. Qc2 d6 8. d3
Bd7 9. a4 a6 10. Bc4 Na5 11. Ba2 e5 12. Nbd2 b5 13. axb5 axb5 14. Nf1 Bg4 15.
N3d2 Qc8 16. Ne3 Be6 17. Bxe6 Qxe6 18. Nf3 h6 19. Bd2 Qb3 20. Ra3 Qxc2 21. Nxc2
Nc6 22. Rea1 Rxa3 23. Rxa3 c4 24. dxc4 bxc4 25. Ra4 Nxe4 26. Rxc4 Nxd2 27. Nxd2
Ne7 28. Rc7 Nd5 29. Rd7 Rb8 30. Nc4 Nb6 31. Nxb6 Rxb6 32. Nb4 Bf8 33. f3 d5 34.
Rxd5 Bxb4 35. cxb4 Rxb4 36. Rxe5 Rxb2 37. h3 Kg7 38. Kh2 Kf6 39. Ra5 Re2 40. h4
Re6 41. Kg3 Rb6 42. Rc5 Ke6 43. Ra5 Rd6 44. Rb5 f6 45. Rb8 Rd5 46. Rh8 h5 47.
Re8+ Kf5 48. Ra8 Rb5 49. Rf8 Rb4 50. Ra8 Rb5 51. Rf8 Rb6 52. Ra8 Ke6 53. Ra5 Rd6
54. Rb5 Rd7 55. Ra5 Kf7 56. Rb5 Kg7 57. Ra5 Rd6 58. Rb5 Kh6 59. Ra5 Rd4 60. Ra6
f5 61. Ra5 f4+ 62. Kh2 Kg7 63. Ra6 Kf7 64. Rb6 Rd5 65. Ra6 Re5 66. Rb6 Re6 67.
Rb4 Rf6 68. Re4 Rf5 69. Ra4 Kg7 70. Ra6 Rf6 71. Ra5 Kh6 72. Rb5 Kg7 73. Rb7+ Rf7
74. Rb6 Rf8 75. Rb7+ Kh6 76. Rb5 Rf5 77. Rb7 Rf6 78. Rb5 Kg7 79. Rb7+ Rf7 80.
Rb6 Re7 1/2-1/2

[Event "Reykjavik Open 2026"]
[Site "Reykjavik ISL"]
[Date "2026.03.27"]
[Round "4.68"]
[White "Todmunkh, Turbat"]
[Black "Hammari, Vinjar"]
[Result "1-0"]
[BlackTitle "FM"]
[WhiteElo "1880"]
[BlackElo "2135"]
[WhiteFideId "4925084"]
[BlackFideId "1552007"]
[EventDate "2026.03.25"]

1. e4 e6 2. d4 d5 3. Nd2 h6 4. Bd3 c5 5. dxc5 Bxc5 6. Ngf3 Nc6 7. a3 Nf6 8. Qe2
O-O 9. O-O Bb6 10. h3 Nh5 11. Nb3 Ng3 12. Qe1 Nxf1 13. Kxf1 e5 14. Bd2 Be6 15.
Rd1 Qf6 16. Kg1 d4 17. Qe2 a5 18. Bc1 Ne7 19. Kh2 g5 20. g3 Ng6 21. Ng1 Kg7 22.
Rf1 Rh8 23. Nd2 Qe7 24. Qh5 Rac8 25. b3 Bc5 26. a4 f6 27. Nc4 Bf7 28. Qe2 h5 29.
f4 exf4 30. gxf4 gxf4 31. Nf3 Ne5 32. Bxf4 Bxc4 33. Bxe5 Bd6 34. Rg1+ Kf8 35.
Bxd6 Qxd6+ 36. e5 Bxd3 37. Qxd3 Qc7 38. Rg2 Rg8 39. Rxg8+ Kxg8 40. Qg6+ Qg7 41.
Qf5 Rf8 42. e6 Qh7 43. Nxd4 Rc8 44. Qd5 Qh6 45. e7+ Kh8 46. Qd8+ Kh7 47. Qxc8
Qf4+ 48. Kg2 Qe4+ 49. Nf3 Qxe7 50. Qf5+ Kg7 51. Qd3 Qc7 52. Nd4 Kh8 53. Qf5 Qf7
54. Kf2 b6 55. Ne6 h4 56. Qd5 Kh7 57. Ng5+ 1-0

[Event "Reykjavik Open 2026"]
[Site "Reykjavik ISL"]
[Date "2026.03.27"]
[Round "4.69"]
[White "Liang, Hairan"]
[Black "Geistlich, Alex"]
[Result "1-0"]
[WhiteTitle "CM"]
[WhiteElo "2150"]
[BlackElo "1879"]
[WhiteFideId "2620278"]
[BlackFideId "1373013"]
[EventDate "2026.03.25"]

1. d4 Nf6 2. Nc3 d5 3. Bf4 c6 4. e3 Bf5 5. Bd3 Bg6 6. Nf3 Nbd7 7. Ne5 Nh5 8.
Nxg6 hxg6 9. Bg5 Qc7 10. Qd2 O-O-O 11. O-O-O f6 12. Bf4 Nxf4 13. exf4 e5 14.
fxe5 fxe5 15. Bxg6 e4 16. h4 Nb6 17. Ne2 Nc4 18. Qc3 Kb8 19. b3 Ba3+ 20. Kb1 Qb6
21. Qg3+ Ka8 22. Nc3 Qa5 23. Na4 Nd2+ 24. Ka1 b5 25. Nb2 Bb4 26. Rh3 Rd6 27. c3
Ba3 28. Rxd2 e3 29. fxe3 Qxc3 30. Rc2 Bxb2+ 31. Kb1 Rxg6 32. Qxg6 1-0